000 03219nam a2200265Ia 4500
003 OSt
005 20210719180126.0
008 210310s2007 ck ad gr 000 0dspa d
020 _a9589801093
040 _aCO-JMCR
_cCO-JMCR
041 0 _aspa
082 0 4 _a333.714 /
_bC824e
_223
100 1 _aCorrea Restrepo, Francisco,
_916034
_eautor
245 1 0 _aEvaluación económica de impactos ambientales :
_buna guía metodológica para la determinación de la tasa social de descuento /
_cFrancisco Correa Restrepo
250 _aPrimera edición
260 _aMedellín :
_bUniversidad de Medellín,
_c2007
300 _a113 páginas :
_bilustraciones y gráficas a blanco y negro ;
_c25 cm.
500 _aIncluye datos biográficos del autor y notas a pie de página.
504 _aBibliografía: páginas [109]-113
505 0 _aLa racionalidad del descuento -- El descuento en la evaluación de proyectos públicos: la tasa social descuento (TSD) -- La racionalidad del descuento desde una perspectiva ambiental -- La tasa de descuento y la ética intergeneracional -- Directrices metodológicas para determinar la tasa de descuento ambiental -- Estudio de caso: una aproximación a la valoración económica del impacto ambiental del proyecto Túnel de Occidente.
520 3 _aEl tiempo importa. Esta frase aunque simple resume un complejo debate al interior de la disciplina económica. De un lado, es discutible cualquier valoración de los flujos futuros de utilidad o ingreso a partir de la información presente. El tiempo es cambio y transformación. De allí que algunos economistas cuestionen seriamente la posibilidad de determinar las tasas de explotación óptimas de los recursos naturales asumiendo homogeneidad en las series temporales, mediante correcciones de los valores futuros por una tasa de descuento. Por otro lado, no se puede negar que las personas valoran las recompensas y los castigos dependiendo del momento en el cual los obtengan o los sufran. Un niño expresa una alta preferencia por obtener el objeto de su deseo inmediatamente y preferiría dilatar la fecha de un castigo. Por su parte, un gobierno promueve la explotación rápida del petróleo del subsuelo, entre tanto, una comunidad indígena prefiere dejarlo bajo la madre tierra. Todos estos ejemplos muestran que es necesario, por lo menos, como una primera aproximación entender el problema de la "impaciencia" o el "descuento temporal". El punto es tan crucial que Frank Ramsey, el creador de la teoría del crecimiento óptimo, consideraba que no descontar los disfrutes más lejanos en comparación de los más próximos carecía de sustento ético y reflejaba más bien una debilidad de nuestra imaginación. El libro que el lector tiene en sus manos es una introducción ilustrada a tan interesante debate. El gran valor de este trabajo, además del rigor académico y la claridad conceptual con que se plantea el tema, es que el autor logra develar la articulación entre la problemática ambiental y la tasa social de descuento obtenida a partir del costo de oportunidad de la inversión pública.
650 1 4 _aEconomía ambiental
_916036
650 2 4 _aImpacto ambiental
_936386
942 _2ddc
_cBK
999 _c7996
_d7996